| 000 | 00655nam a2200241 a 4500 | ||
|---|---|---|---|
| 001 | 15095 | ||
| 003 | BD-RjUL | ||
| 005 | 20211208235741.0 | ||
| 008 | 140209s1989 enk 000 0 eng d | ||
| 020 | _a0415000947 | ||
| 035 | _a(BD-RjUL) | ||
| 040 |
_aUkOxU _beng _cUkOxU _dBD-RjUL |
||
| 041 | _aeng | ||
| 082 |
_a657.072 _223 _bPRA 1989 |
||
| 100 | 1 |
_aProdhan, B. _946988 |
|
| 245 | 1 | 0 |
_aAccounting research database / _cBimal Prodhan and Fouad Al Najjar |
| 260 |
_aLondon : _bRoutledge, _cc1989 |
||
| 300 |
_a247 p. ; _c22 cm |
||
| 650 | 0 |
_aAccounting _xResearch _946989 |
|
| 700 | 1 |
_aAl Najjar, Fouad. _9230168 |
|
| 942 |
_2ddc _cBK |
||
| 999 |
_c15095 _d15095 |
||